000 01524nam a2200229Ia 4500
003 Ost
005 20260416102401.0
008 260416s9999||||xx |||||||||||||| ||und||
040 _cfsecg
041 _aara
082 _a301.14
100 _aمسرحد،بلال
_eمؤلف
245 0 _aالاتصال وأنظمة المعلومات :
_bمطبوعة تتضمن دروس موجهة لطلبة السنة الثالثة ليسانس /
_cبلال مسرحد
260 _aالجزائر
_bجامعة الجزائر3: كلية العلوم الإقتصادية، العلوم التجارية وعلوم التسيير
_c2022
300 _a158 ورقة
_bايضاحات
_c12 سم
504 _aمراجع ص.150
520 _aمفاهيم الاتصال في المؤسسة،مفاهيم أنظمة المعلومات،تكنولوجيا المعلومات والاتصال في المؤسسة،الانتقال منوالإعتداءات الإلكترونية،عملية الأمن المعلوماتي وأدوات مواج أنظمة المعلومات الوظيفية إلى أنظمة المعلومات الحديثة،أنظمة المعلومات القرارية،مفهوم أمن المعلومات هة الإعتداءات الإلكترونية.
653 _aالاتصال
653 _aانظمة المعلومات
710 _aجامعة الجزائر3: كلية العلوم الإقتصادية، العلوم التجارية وعلوم التسيير
_eناشر علمي
942 _cHANDOUT
999 _c41433
_d41433